MARC details
| 000 -CABECERA |
| campo de control de longitud fija |
00996nam a2200253 a 4500 |
| 001 - NÚMERO DE CONTROL |
| campo de control |
000023962 |
| 005 - FECHA Y HORA DE LA ÚLTIMA TRANSACCIÓN |
| campo de control |
20200930022614.0 |
| 008 - DATOS DE LONGITUD FIJA--INFORMACIÓN GENERAL |
| campo de control de longitud fija |
110117s1984 sp 000 0 spa d |
| 020 ## - NÚMERO INTERNACIONAL ESTÁNDAR DEL LIBRO |
| Número Internacional Estándar del Libro |
8427606876 |
| 040 ## - FUENTE DE LA CATALOGACIÓN |
| Centro catalogador/agencia de origen |
DO-SdBNP |
| Lengua de catalogación |
spa |
| Centro/agencia transcriptor |
BNPHU |
| 082 ## - NÚMERO DE LA CLASIFICACIÓN DECIMAL DEWEY |
| Número de clasificación |
nn* |
| Número de documento/Ítem |
nn* |
| 049 ## - FONDOS LOCALES (OCLC) |
| Fondos de biblioteca |
BNGR |
| 100 1# - ENTRADA PRINCIPAL--NOMBRE DE PERSONA |
| Nombre de persona |
Wilhelm Leibniz, Gottfried. |
| 9 (RLIN) |
49294 |
| 245 10 - MENCIÓN DE TÍTULO |
| Título |
Escritos de filosofía jurídica y política / |
| Mención de responsabilidad, etc. |
Gottfried Wilhelm Leibniz ; edicion Jaime de Salas Ortueta ; traducción José Ma. Atencia Páez. |
| 260 ## - PUBLICACIÓN, DISTRIBUCIÓN, ETC. |
| Lugar de publicación, distribución, etc. |
Madrid : |
| Nombre del editor, distribuidor, etc. |
Nacional, |
| Fecha de publicación, distribución, etc. |
1984. |
| 300 ## - DESCRIPCIÓN FÍSICA |
| Extensión |
553, [23] p. ; |
| Dimensiones |
21 cm. |
| 490 1# - MENCIÓN DE SERIE |
| Mención de serie |
Clasicos para una biblioteca contemporanea. Pensamiento |
| Designación de volumen o secuencia |
34 |
| 500 ## - NOTA GENERAL |
| Nota general |
Incluye referencias bibliográficas y notas al pie de las páginas. |
| 500 ## - NOTA GENERAL |
| Nota general |
Incluye índice. |
| 504 ## - NOTA DE BIBLIOGRAFÍA, ETC. |
| Nota de bibliografía, etc. |
Bibliografía : [547-553] p. |
| 700 1# - PUNTO DE ACCESO ADICIONAL--NOMBRE DE PERSONA |
| Nombre de persona |
Salas Ortueta, Jaime de, |
| Término indicativo de función/relación |
ed. |
| 9 (RLIN) |
49295 |
| 700 1# - PUNTO DE ACCESO ADICIONAL--NOMBRE DE PERSONA |
| Nombre de persona |
Atencia Páez, José Maria, |
| Término indicativo de función/relación |
tr. |
| 9 (RLIN) |
49296 |
| 830 #0 - PUNTO DE ACCESO ADICIONAL DE SERIE-TÍTULO UNIFORME |
| Título uniforme |
Clasicos para una biblioteca contemporanea. |
| Nombre de parte o sección de la obra |
Pensamiento, |
| Designación de volumen o secuencia |
34 |
| 9 (RLIN) |
18430 |